000 00564nam a22001577a 4500
005 20120222131250.0
020 _a8170002753
_c425.00
035 _aB-31087
037 _aDPL
_bENG
100 _aMahapatra, Piyush Kanti
_942790
245 _aCollection management in Libraries /
_cby Piyush Kanti Mahapatra
260 _aNew Dehi
_bEss Ess Publications
_c1999
300 _a194p.
_c18 cms.
942 _2ddc
_cEN
_h025.2
_mMAH
999 _c63308
_d63308